HSV Rekordtransfers - Statistiken

Allgemein
  • Dieses Quiz wurde 201 mal gespielt
  • Das Durchschnittsergebnis liegt bei 11 aus 25
Antwortstatistiken
Summe in Mio. Abgebender Verein Saison Name % Korrekt
13,00 Tottenham Hotspur 12/13 Rafael van der Vaart
90%
5,10 Ajax Amsterdam 05/06 Rafael van der Vaart
90%
14,00 VfB Stuttgart 16/17 Filip Kostic
80%
10,50 RSC Anderlecht 06/07 Vincent Kompany
68%
6,50 Tottenham Hotspur 15/16 Lewis Holtby
62%
5,00 FC Barcelona 16/17 Alen Halilovic
57%
7,30 Borussia Dortmund 08/09 Mladen Petric
56%
8,50 Hertha BSC 14/15 Pierre-Michel Lasogga
53%
8,00 Bayern München 08/09 Marcell Jansen
52%
6,50 Atlético Mineiro 16/17 Douglas Santos
49%
9,20 Gremio Porto Alegre 16/17 Walace
48%
7,50 FC Schalke 04 10/11 Heiko Westermann
45%
10,00 FC Groningen 09/10 Marcus Berg
45%
9,00 Twente Enschede 09/10 Eljero Elia
38%
6,00 Borussia Mönchengladbach 17/18 André Hahn
32%
9,00 Fluminense 08/09 Thiago Neves
28%
6,50 1.FSV Mainz 05 07/08 Mohamed Zidan
27%
6,00 AZ Alkmaar 06/07 Joris Mathijsen
26%
6,00 SSC Neapel 14/15 Valon Behrami
26%
6,50 Bayer Leverkusen 17/18 Kyriakos Papadopoulos
23%
5,50 Hertha BSC 10/11 Gojko Kacar
21%
5,62 San Lorenzo 01/02 Bernardo Romeo
18%
6,20 Iraty SC 08/09 Alex Silva
15%
5,00 Glasgow Rangers 01/02 Jörg Albertz
11%
6,00 Lazio Rom 09/10 David Rozehnal
7%
Keine übereinstimmenden Quizze gefunden
Verteilung der Resultate
Anzahl Personen mit jedem Resultat
Perzentil nach korrekt beantworteten Fragen
Ihre Resultats-Entwicklung
Sie haben dieses Quiz noch nicht gespielt